03678nam a22003017u 4500001001000000003000400010005001700014008004100031040000800072041000800080084002900088100002400117245011700141260008600258300004500344490004900389520267000438650001703108650002103125650001803146650002703164650002603191651001203217700002703229700002303256830006203279856003503341pwiiw7072OSt20260516120049.0241115t2024 au ||||| |||||||| ||ger d cOSt ager aH25aH31aH32aQ542jelc1 aHeimberger, Philipp10aKlima-Förderungen: Eine Analyse der Verteilung von öffentlichen Fördergeldern im Zuge der Dekarbonisierung aWien :bWiener Institut für Internationale Wirtschaftsvergleiche (wiiw),c2024. a55 S., b5 Tables and 49 Figures,c30cm.1 awiiw Research Reports in German Languagev29 aKlima-Förderungen: Eine Analyse der Verteilung von öffentlichen Fördergeldern im Zuge der Dekarbonisierung This publication is available in German language only. For a brief English summary see further below. Diese Studie liefert eine deskriptive Analyse der Verteilung von klimaschutzrelevanten direkten staatlichen Förderungen (Klima-Förderungen) in Gesamtösterreich und im Bundesländervergleich, wobei bei letzterem Oberösterreich in den Mittelpunkt der Untersuchung rückt. Während es zur Analyse von Förderungen in Österreich bereits Arbeiten gibt, liefert unsere Studie erste Ergebnisse zur Verteilungsdimension von Klima-Förderungen. Wir verwenden Daten der Transparenzdatenbank unter Berücksichtigung von Sonderauswertungen durch die Statistik Austria für die Jahre 2021 und 2022. Die analysierten Daten beinhalten direkte Förderprogramme aus vier Kategorien: erneuerbare Energie und Energieeffizienzmaßnahmen; Forschung und Klima; alternative Mobilität; und weitere Umwelt- und Klimaschutzmaßnahmen. Wir berichten die Förderungen nach Förderempfängerinnen und Förderempfängern (Personen, Unternehmen und gemeinnützige Organisationen/öffentliche Verwaltung) und nehmen eine Aufteilung der Personenförderungen nach Einkommensgruppen, Altersgruppen und Bildungsstand, sowie bei den Unternehmensförderungen nach Unternehmensumsatz, Anzahl der Mitarbeitenden und Unternehmensbranche vor. Climate subsidies: An analysis of the distribution of public subsidies in the context of decarbonisation This study provides a descriptive analysis of the distribution of direct state subsidies relevant for climate protection (in short: climate subsidies) in Austria as a whole and in a comparison of the states, with Upper Austria taking centre stage in the latter. While there is already work on analysing subsidies in Austria, our study provides the first results on the distributional dimension of climate subsidies. We use data from the transparency database, taking into account special analysis by Statistik Austria for the years 2021 and 2022. The data analysed includes direct funding programs from four categories: renewable energy and energy efficiency measures; research and climate; alternative mobility; and other environmental and climate protection measures. We report the funding by recipients (individuals, companies and non-profit organisations/public administration). The climate subsidies received by persons are broken down by income group, age group and level of education. Funding received by companies is distinguished along the dimensions turnover, number of employees and company sector.  aKlimapolitik aDekarbonisierung aFörderungen aöffentliche Ausgaben aEnergie und Effizienz aAustria1 aLichtenberger, Andreas1 aSchütz, Bernhard 0v29wWIIW0000108twiiw Research Reports in German Language40uhttps://wiiw.ac.at/p-7072.html